000 00933cam a2200277 4500
008 000000n2000 000 0 eng u
035 _a(Sirsi) u108191
245 _aBritish overseas construction
260 _c2000
490 _aDETR News Release
_v(570)1 September 2000, (1)
520 _aGovernment announces overseas construction activity by British-based contractors during 1999. The figures cover all overseas building and civil engineering contracts controlled from the UK. Tables available at http://www.detr.gov.uk
590 _aWB
650 _aBUILT ENVIRONMENT
650 _aBUILT ENVIRONMENT
650 _aCIVIL ENGINEERING
650 _aContracts
_96232
650 _aCONSTRUCTION COMPANIES
650 _aNORTH AMERICA
650 _aHONG KONG
650 _aEU
650 _aMIDDLE EAST
650 _aAFRICA
650 _aOCEANIA
690 _aBUILT ENVIRONMENT-CONSTRUCTION MARKET
942 _n0
999 _c64624
_d64624